| 000 | 02547cam a22004574i 4500 | ||
|---|---|---|---|
| 003 | PE-LiUPU | ||
| 005 | 20250731183422.0 | ||
| 008 | 150625s r 000 0 d | ||
| 020 | _a9789972335228 | ||
| 035 | _a(Sirsi) i9789972335228 | ||
| 040 |
_aPE-LiUPU _bspa _cPE-LiUPU _erda |
||
| 049 | _aPRUA | ||
| 082 | 0 | 4 |
_a741.683 _bC97 _221 |
| 100 | 1 |
_aCurrarino Cámere, Humberto, _d1944- , _eautor. |
|
| 245 | 1 | 0 |
_aLuis Sablich Solera, Editor gráfico del Callao, 1905 - 1930 : _bcatálogo descriptivo de tarjetas postales de época / _c[Humberto Currarino Cámere, Alberto Paz de la Vega Mayandía]. |
| 264 | 1 |
_aLima : _bCallao: Gobierno Regional del Callao, _c2008 (Lima : Erba Gráfica). |
|
| 300 |
_a124 páginas : _bilustraciones ; _c30 centímetros |
||
| 336 |
_atext _2rdacontent |
||
| 337 |
_aunmediated _2rdamedia |
||
| 338 |
_avolume _2rdacarrier |
||
| 504 | _aIncluye bibliografía. | ||
| 505 | 0 | _a-Tarjetas postales y cartofilia. -La tarjeta postal en el Perú. -Luis Sablich Solera. Editor de tarjetas postales (1882-1968). -El Callao de Luis Sablich Solera. -Luis Sablich en la edad de oro de la tarjeta postal (1905-1914). -Las primeras tarjetas postales ilustradas de Luis Sablich. -Las tarjetas postales litográficas en tricomía. -Primera guerra mundial (postales en la técnica del fotograbado, litografía y foto real). -Las postales impresas en cuatricromía. -La Era de la postal con borde blanco 1915-1930. -Catálogo descriptivo de las tarjetas postales peruanas editadas por Luis Sablich Solera. | |
| 526 | _aP158 | ||
| 526 | _aP146 | ||
| 526 | _aP17 | ||
| 526 | _aP12 | ||
| 526 | _aP06 | ||
| 541 | _g0001-000037; | ||
| 600 | 1 |
_aSablich Solera, Luis. _d1882-1968 _vColecciones de arte |
|
| 650 | 0 | 4 |
_aTarjetas de visita _zPerú - Callao _vCatálogos. |
| 650 | 0 | 4 |
_aTarjetas de visita _zPerú - Callao _xHistoria. |
| 651 |
_aCallao (Perú : Provincia Constitucional) _xHistoria _y1905-1930. |
||
| 700 | 1 | _aPaz de la Vega M., Alberto. | |
| 710 | 2 | _a.Callao. Gobierno Regional | |
| 910 |
_agl _bjv _clch _d20081011 |
||
| 942 |
_2ddc _cBOOK |
||
| 949 |
_a741.683 C97 _wDEWEY _c1 _i58728 _lCCODEBUL1 _mBUL _p15.00 _r0 _sY _tBOOK _u2015-6-25 _xINGENIERIA _zUNKNOWN _0COMPRA _o.STAFF. Colección General |
||
| 994 |
_aC0 _bPEPRU |
||
| 596 | _a1 | ||
| 999 |
_a741.683 C97 _wDEWEY _c47602 _i58728 _f2021-11-5 _g7 _lCCODEBUL1 _mBUL _p15.00 _r0 _sY _tBOOK _u2015-6-25 _xBIBLIOTECA _zUNKNOWN _0COMPRA _o.STAFF. Colección General _d47602 |
||
| 980 |
_81 _gALBERTO SANCHEZ Responsable de Automatización |
||